000 00528nam a2200229Ia 4500
003 OSt
005 20220924142839.0
006 a|||||r|||| 00| 0
007 ta
008 ASM
024 _a303521
037 _cTextual
040 _aARTS
_cARTS
_bASM
041 _2ASM
_aASM
082 _aL, 158N6
100 _aGoswami M. K.
_9214169
245 0 _aKetbor aadharan asukh visukh
260 _c1996
650 _aMEDICINE
_94387
942 _hL, 158N6
_cTEXL
_2CC
999 _c452169
_d452169